000 00844nam a2200253Ia 4500
003 OSt
005 20221005113238.0
006 a|||||r|||| 00| 0
007 ta
008 221004b |||||||| |||| 00| 0 pan d
020 _a9789385670541 (hbk)
_cINR 200.00
024 _a45124
037 _b1066, 22/02/2019, H.K. Prakashan
_cTextual
040 _aCRL
_cCRL
_bpan
041 _2pan
_apan
082 _aNT, 153Q7
100 _aਕਪੂਰ, ਵੰਦਨਾ, ਂਚ.
245 0 _aਅਭਿਨੈ ਦੇ ਵਿਭਿੰਨ ਰੂਪ
260 _aਪਟਿਆਲਾ
_bਗ੍ਰੈFਿਅਸ ਭਾਰਤ
_c2017
300 _a79ਪ੍ਰ0
_ccm.
650 _aਰੰਗਮੰਚ
942 _hNT, 153Q7
_cTEXL
_2cc
999 _c1027530
_d1027530